Theories of mass communication.

Bibliographic Details
Main Author: DeFleur, Melvin L. (Melvin Lawrence), 1923-
Format: Book
Language:English
Published: [Place of publication not identified] : D. McKay Co., [1966]
Series:McKay social science series.
Subjects:

MARC

Tag First Indicator Second Indicator Subfields
LEADER 00000cam a2200000 4500
001 in00000038150
005 20151007080847.0
008 720303s1966 eng u
010 |a  65028666  
035 |a (OCoLC)00255415 
035 |9 AAF5497AM 
040 |c WSU  |d TXA  |d UtOrBLW 
049 |a TXAM  |c [472617] 
050 0 |a HM258  |b .D35 
092 |a 301.16  |b D313t 
100 1 |a DeFleur, Melvin L.  |q (Melvin Lawrence),  |d 1923- 
245 1 0 |a Theories of mass communication. 
264 1 |a [Place of publication not identified] :  |b D. McKay Co.,  |c [1966] 
300 |a 171 pages 
336 |a text  |b txt  |2 rdacontent 
337 |a unmediated  |b n  |2 rdamedia 
338 |a volume  |b nc  |2 rdacarrier 
490 1 |a McKay social science series 
504 |a Bibliographical references included in "Notes" (pages 159-166). 
650 0 |a Communication. 
830 0 |a McKay social science series. 
999 |a MARS 
999 f f |s 6500e71a-dbcd-3100-882b-2fba954b5388  |i 772f3d0f-24d2-3f15-b4b8-75dcc4ae4ca0  |t 0 
952 f f |p ric  |a Texas A&M University  |b Rellis Campus  |c Joint Library Facility  |d Remote Storage  |t 0  |e HM258 .D35  |h Library of Congress classification  |i unmediated -- volume  |m A14800639165 
998 f f |a HM258 .D35  |t 0  |l Remote Storage